Sports Quiz

Random Sports or WWE Quiz

Shane McMahon ****+ Partners & Opponents Quiz Stats

 Plays Quiz not verified by Sporcle

Score 0/24 Timer 01:30
0 Plays Today
Event Opponents & Partners % Correct
**** WWF King of the Ring '01 - Street FightKurt Angle
92.9%
****½ WWF Survivor Series '01 - Survivor Series MatchKurt Angle
92.9%
****½ WWF Survivor Series '01 - Survivor Series Match The Undertaker
91.4%
****½ WWF Survivor Series '01 - Survivor Series Match Kane
91%
**** WWE Extreme Rules '19 - No Holds Barred TagThe Undertaker
90.9%
****½ WWF Survivor Series '01 - Survivor Series MatchSteve Austin
86.8%
**** WWE Extreme Rules '19 - No Holds Barred TagRoman Reigns
86.4%
****½ WWE Survivor Series '16 - Survivor Series Match Roman Reigns
85.7%
****½ WWE Survivor Series '16 - Survivor Series MatchAJ Styles
85%
**** WWE WrestleMania 33 - SinglesAJ Styles
85%
****½ WWF Survivor Series '01 - Survivor Series Match The Rock
83.8%
****½ WWF Survivor Series '01 - Survivor Series Match Chris Jericho
83.1%
Event Opponents & Partners % Correct
****½ WWE Survivor Series '16 - Survivor Series Match Seth Rollins
83.1%
****½ WWE Survivor Series '16 - Survivor Series Match Kevin Owens
83.1%
****½ WWE Survivor Series '16 - Survivor Series Match Chris Jericho
83.1%
****¼ WWE Hell in a Cell '17 - Falls Count Anywhere Hell in a CellKevin Owens
83.1%
****½ WWE Survivor Series '16 - Survivor Series MatchDean Ambrose
81.2%
****½ WWF Survivor Series '01 - Survivor Series Match Big Show
77.4%
****½ WWF Survivor Series '01 - Survivor Series MatchBooker T
75.6%
****½ WWF Survivor Series '01 - Survivor Series MatchRob Van Dam
72.6%
****½ WWE Survivor Series '16 - Survivor Series Match Braun Strowman
71.4%
**** WWE Extreme Rules '19 - No Holds Barred TagDrew McIntyre
70.5%
****½ WWE Survivor Series '16 - Survivor Series MatchRandy Orton
68.8%
****½ WWE Survivor Series '16 - Survivor Series MatchBray Wyatt
64.7%

You're not logged in!

Compare scores with friends on all Sporcle quizzes.
OR
Log In

Sporcle TV

Today on Sporcle TV


Watch our educational content, quiz creation guides, and fun videos on Sporcle TV.

Show Comments

Extras

Top Quizzes Today


Score Distribution

Your Account Isn't Verified!

In order to create a playlist on Sporcle, you need to verify the email address you used during registration. Go to your Sporcle Settings to finish the process.

Report this User

Report this user for behavior that violates our Community Guidelines.

Details: